[Event "Joao Pessoa Fischer Memorial 11th"]
[Site "Joao Pessoa"]
[Date "2022.05.08"]
[Round "5"]
[White "Arruda Filho, Ivo Pereira de"]
[Black "Andrade, Joanderson Muller L"]
[Result "1-0"]
[WhiteElo "1734"]
[BlackElo "1466"]
[PlyCount "74"]
[EventDate "2022.05.06"]
[EventType "swiss"]
[EventRounds "6"]
[EventCountry "BRA"]
[SourceTitle "EXT 2023"]
[Source "ChessBase"]
[SourceDate "2022.10.05"]
[SourceVersion "1"]
[SourceVersionDate "2022.10.05"]
[SourceQuality "1"]

1. Nf3 Nf6 2. d4 d5 3. Bf4 g6 4. e3 Bg7 5. Be2 c6 6. g3 b6 7. c4 Ba6 8. Bxb8 Rxb8 9. Ne5 Qd6 10. c5 Bxe2 11. cxd6 Bxd1 12. Kxd1 Rc8 13. dxe7 Kxe7 14. Nd2 a5 15. Rc1 c5 16. Ke2 Nd7 17. Nef3 Bf6 18. b3 Rc7 19. Rc2 Ra8 20. Rhc1 a4 21. Ne1 Kd6 22. Nd3 a3 23. dxc5+ bxc5 24. Nf3 Rac8 25. Nd2 Be7 26. Nb1 Ra8 27. Nc3 Rb8 28. Na4 Rbc8 29. Nc3 Rb8 30. Nf4 Nf6 31. Rd1 d4 32. exd4 c4 33. bxc4 Rxc4 34. Nb5+ Rxb5 35. Rxc4 g5 36. Nd3 Nd5 37. Kd2 h5 1-0

[Event "Natal Potiguar op 11th"]
[Site "Natal"]
[Date "2019.06.08"]
[Round "3"]
[White "De Oliveira, Daniel Paiva"]
[Black "Andrade, Joanderson Muller L"]
[Result "1-0"]
[WhiteElo "1810"]
[BlackElo "1512"]
[PlyCount "63"]
[EventDate "2019.06.07"]
[EventType "swiss"]
[EventRounds "6"]
[EventCountry "BRA"]
[SourceTitle "EXT 2020"]
[Source "ChessBase"]
[SourceDate "2019.10.17"]
[SourceVersion "1"]
[SourceVersionDate "2019.10.17"]
[SourceQuality "1"]

1. e4 d6 2. d4 Nf6 3. Nc3 g6 4. f4 Bg7 5. Nf3 0-0 6. Bc4 c6 7. a4 e6 8. Bb3 Qa5 9. Bd2 Qb6 10. Be3 Nbd7 11. Qd2 Rd8 12. h3 Qc7 13. g4 e5 14. Ng5 Rf8 15. dxe5 dxe5 16. f5 h6 17. Nxf7 Kh7 18. Bxh6 Rxf7 19. fxg6+ Kxg6 20. Qg5+ Kh7 21. Bxf7 Bxh6 22. Qg6+ Kh8 23. Qxh6+ Nh7 24. g5 Ndf8 25. g6 Nxg6 26. Bxg6 Be6 27. 0-0-0 Qe7 28. Bxh7 Qxh7 29. Qxe6 Qh5 30. Qf6+ Kh7 31. Rd7+ Kg8 32. Qg7# 1-0

[Event "Potiguar-ch"]
[Site "Natal"]
[Date "2013.09.29"]
[Round "4"]
[White "Andrade, Joanderson Muller L"]
[Black "Vieira, Joadson do Nascimen"]
[Result "1-0"]
[WhiteElo "1800"]
[BlackElo "1800"]
[PlyCount "63"]
[EventDate "2013.09.27"]
[EventType "swiss"]
[EventRounds "9"]
[EventCountry "BRA"]
[SourceTitle "EXT 2015"]
[Source "ChessBase"]
[SourceDate "2014.11.20"]
[SourceVersion "1"]
[SourceVersionDate "2014.11.20"]
[SourceQuality "1"]

1. e4 e5 2. Nf3 Nf6 3. Nxe5 Nxe4 4. Qe2 Nd6 5. Nc6+ Qe7 6. Nxe7 Bxe7 7. Nc3 Nc6 8. b3 0-0 9. Bb2 Bf6 10. Qd3 Re8+ 11. Be2 Nb4 12. Qf3 Nxc2+ 13. Kd1 Nxa1 14. Qg3 Nxb3 15. axb3 Rb8 16. Re1 b6 17. Kc2 Bb7 18. f3 Nf5 19. Qxc7 d6 20. Ba6 Bxa6 21. Nd5 Rbc8 22. Qxc8 Rf8 23. Qxa6 Bh4 24. g3 Bf6 25. Bxf6 gxf6 26. Nxf6+ Kg7 27. Qa1 Rc8+ 28. Kd1 Nd4 29. Qxd4 a5 30. Qg4+ Kh8 31. Re8+ Rxe8 32. Nxe8 1-0

[Event "Natal op"]
[Site "Natal"]
[Date "2013.09.08"]
[Round "5"]
[White "Andrade, Joanderson Muller L"]
[Black "Jordao Barbosa, Marcio Ferre"]
[Result "0-1"]
[WhiteElo "1800"]
[BlackElo "1936"]
[PlyCount "112"]
[EventDate "2013.09.06"]
[EventType "swiss"]
[EventRounds "6"]
[EventCountry "BRA"]
[SourceTitle "EXT 2016"]
[Source "ChessBase"]
[SourceDate "2015.10.08"]
[SourceVersion "1"]
[SourceVersionDate "2015.10.08"]
[SourceQuality "1"]

1. e4 e6 2. Nf3 d5 3. exd5 exd5 4. d4 Bd6 5. Nc3 c6 6. g3 Ne7 7. Bd3 Qc7 8. 0-0 0-0 9. Re1 h6 10. Ne5 Nf5 11. Nf3 Be6 12. b3 Nd7 13. Ne2 Ne7 14. c4 c5 15. Bb2 Qc6 16. Bb1 dxc4 17. Qc2 Bf5 18. Qxc4 Qxf3 19. dxc5 Bxb1 20. Nd4 Ne5 21. Nxf3 Nxc4 22. cxd6 Nxd6 23. Raxb1 Nc6 24. Ba3 Rfd8 25. Rbd1 Nb5 26. Bb2 Kf8 27. a4 Nc7 28. Ne5 Nxe5 29. Bxe5 Ne6 30. Bb2 Rac8 31. Rc1 a6 32. Rc3 Rxc3 33. Bxc3 Rd3 34. Rc1 Ke8 35. b4 Kd7 36. Kf1 Nd4 37. Ba1 Nb3 38. Re1 Nxa1 39. Rxa1 Rd2 40. Rc1 Rd4 41. Rb1 Kc6 42. Ke2 Kd5 43. f3 h5 44. Ke3 g6 45. h3 g5 46. g4 hxg4 47. hxg4 b5 48. a5 Rc4 49. Rd1+ Ke5 50. Rb1 Rc3+ 51. Kf2 Kf4 52. Rd1 Rxf3+ 53. Ke2 Kxg4 54. Rd4+ Rf4 55. Rd7 Rxb4 56. Rxf7 Ra4 0-1